Inhyŏnwanghuŭi namja Queen inhyeon's man /

Detalles Bibliográficos
Otros Autores: Songjaejeong, Yun - Ju
Formato: Video DVD
Lenguaje:Korean
Publicado: Seoul : Kim Byung Soo, 2012.
Materias:
LEADER 01118cgm a2200289 a 4500
001 00025830
003 BD-DhAAL
005 20251008140928.0
007 vd cvaizk
008 120829p2012 ko 60 vlkor d
024 1 |a 8809309175585 
040 |a BD-DhAAL  |c BD-DhAAL 
082 0 0 |a 791.43  |2 22 
245 1 0 |6 880-01  |a Inhyŏnwanghuŭi namja  |h [videorecording] =  |b Queen inhyeon's man /  |c Songjaejeong, Yun - Ju. 
246 2 |a Man of Inhyeon Queen 
260 |a Seoul :  |b Kim Byung Soo,  |c 2012. 
300 |a 1 videodiscs (DVD) (ca. 60 min) :  |b  sd., col. ;  |c c 4 3/4 in. 
538 |a Dolby digital 2.0; NTSC, all regions. 
541 1 |e 00025830 
546 |a In Korean.  
650 0 |a Motion picture  |x DVD special features.  |9 4939 
700 1 |a Songjaejeong, Yun - Ju.  |9 4940 
852 4 |a Ayesha Abed Library  |j General shelf. 
880 |6 245 01 /  |a 인현왕후의 남자  |h [videorecording] =  |b Queen inhyeon's man. 
942 |2 ddc  |c AV 
999 |c 12789  |d 12789 
952 |0 0  |1 0  |2 ddc  |4 0  |6 791_430000000000000_INH  |7 0  |9 21057  |a BRACUL  |b BRACUL  |c AV  |d 2012-08-28  |e BIL  |g 996.92  |l 0  |o 791.43 INH  |p 4010025830  |r 2012-09-04  |t 1  |w 2012-08-28  |y AV